Statistics for Самые Богатые Страны Мира

Click here to take the quiz!

General Stats

  • This quiz has been taken 1 982 times
  • The average score is 7 of 15

Answer Stats

ВВП на душу населенияСтрана% Correct
$85,373Соединённые Штаты Америки
96%
$96,846Объединенные Арабские Эмираты
69%
$91,932Швейцария
69%
$143,743Люксембург
59%
$82,832Норвегия
55%
$112,283Катар
54%
$203,404Монако
51%
$133,735Лихтенштейн
49%
$133,737Сингапур
46%
$77,641Дания
42%
$86,989Сан-Марино
36%
$80,137Гайана
34%
$133,895Ирландия
29%
$76,858Тайвань
23%
$77,534Бруней
17%

Score Distribution

Percentile by Number Answered

Percent of People with Each Score

Your Score History

You have not taken this quiz